| 000 | 00755nam a2200289Ia 4500 | ||
|---|---|---|---|
| 008 | 170711s9999 xx 000 0 und d | ||
| 020 | _a9781409140290 | ||
| 050 | _a791.45 | ||
| 050 | _bEd26 2011 | ||
| 100 | _aEdwards, Posy | ||
| 245 | 4 | _aThe Kardashians : | |
| 245 | _ba krazy life / | ||
| 245 | _cby Posy Edwards. | ||
| 260 | _aGreat Britain : | ||
| 260 | _bOrion, | ||
| 260 | _c2011 | ||
| 300 | _a45 pages : | ||
| 300 | _bcolored illustrations ; | ||
| 300 | _c24cm. | ||
| 650 | _aKardashian, Khloe -- | ||
| 650 | _aKardashian, Kim -- | ||
| 650 | _aKardashian, Kourtney - | ||
| 650 | _x1979- -- Juvenile literature. | ||
| 650 | _x1980- -- Juvenile literature. | ||
| 650 | _x1984- -- Juvenile literature. | ||
| 700 | _aTitle. | ||
| 999 |
_c339948 _d339948 |
||